[Event "?"]
[Site "?"]
[Date "2018.08.15"]
[Round "2.5"]
[White "Alghawi, Abdullah"]
[Black "Zelt, Jens"]
[Result "1/2-1/2"]
[WhiteElo "1916"]
[BlackElo "2102"]
[PlyCount "117"]
[EventDate "2018.??.??"]
[WhiteTeam "FS 98 Dortmund"]
[BlackTeam "SC Hansa Dortmund"]

1. e4 d6 2. d4 c6 3. c4 Nd7 4. Nf3 e5 5. Nc3 h6 6. Be2 Ne7 7. Be3 Ng6 8. O-O
Be7 9. Qd2 O-O 10. Rfd1 Re8 11. Rac1 Bf8 12. a3 Qe7 13. b4 Nf6 14. d5 Ng4 15.
c5 Nxe3 16. Qxe3 Rd8 17. Na4 Qe8 18. dxc6 bxc6 19. cxd6 Rxd6 20. Rxd6 Bxd6 21.
Qd2 Be7 22. Qc3 Bf8 23. Nc5 Bd6 24. Rd1 Qe7 25. Rc1 Rb8 26. Nb3 Bd7 27. Na5 Rc8
28. Nc4 Bb8 29. Ne3 Qf6 30. g3 Be8 31. Kg2 Rd8 32. Nf5 Kh7 33. Qc5 Bd7 34. Ne3
Nf8 35. Rd1 Ne6 36. Qc3 Qg6 37. Nxe5 Nf4+ 38. Kf1 Bh3+ 39. Ke1 Rxd1+ 40. Kxd1
Nxe2 41. Kxe2 Qh5+ 42. Nf3 Bd7 43. Qd3 Be6 44. Nc4 g6 45. Ncd2 c5 46. Kf1 cxb4
47. axb4 Bc7 48. Kg2 Bh3+ 49. Kg1 Be6 50. Kg2 Bb6 51. h4 Qg4 52. Ng1 Qd1 53.
Qe2 Qa4 54. h5 Qxb4 55. hxg6+ fxg6 56. Nh3 Ba5 57. Nf3 Bg4 58. Nfg5+ hxg5 59.
Qxg4 {(=)} 1/2-1/2

[Event "?"]
[Site "?"]
[Date "2018.08.15"]
[Round "2.6"]
[White "Wichtrup, Jan-Louis"]
[Black "Cogan, Leonid"]
[Result "0-1"]
[WhiteElo "2170"]
[BlackElo "1848"]
[PlyCount "93"]
[EventDate "2018.??.??"]
[WhiteTeam "Dortmunder SV 1875"]
[BlackTeam "Huckarde-Westerfilde"]

1. c4 e6 2. d4 d5 3. Nc3 Nf6 4. cxd5 exd5 5. Bg5 Be7 6. e3 O-O 7. Bd3 Nbd7 8.
Qc2 b6 9. Nf3 Bb7 10. O-O Re8 11. Rac1 Nf8 12. Ne5 N6d7 13. Bf4 Nxe5 14. Bxe5
c6 15. Qa4 a6 16. Qb3 Nd7 17. Bg3 Nf6 18. Na4 b5 19. Nc5 Bxc5 20. Rxc5 Ne4 21.
Rcc1 g6 22. Qd1 Rc8 23. Bf4 f5 24. f3 Nd6 25. Qe1 Qe7 26. Qg3 Qe6 27. Rfe1 Rcd8
28. h4 h5 29. Bxd6 Qxd6 30. Qg5 Kh7 31. Qf4 Qxf4 32. exf4 Kg7 33. Re5 Kf7 34.
Kf2 Re6 35. Rg1 Rxe5 36. fxe5 Bc8 37. Ke3 Be6 38. Kf4 a5 39. Rc1 Rc8 40. Kg5
Kg7 41. Rc5 Kf7 42. g3 Kg7 43. a4 bxa4 44. Rxa5 Rb8 45. Ra7+ Kh8 46. Kf6 Bc8
47. e6 0-1

[Event "?"]
[Site "?"]
[Date "2018.08.15"]
[Round "2.7"]
[White "Bommert, Christian"]
[Black "Kartsev, Nikolay"]
[Result "0-1"]
[WhiteElo "1724"]
[BlackElo "2048"]
[PlyCount "66"]
[EventDate "2018.??.??"]
[WhiteTeam "FS 98 Dortmund"]
[BlackTeam "SF Brackel 1930"]

1. e4 c5 2. Nc3 d6 3. f4 Nc6 4. Bc4 Nf6 5. d3 a6 6. a4 e6 7. Nf3 d5 8. exd5
exd5 9. Bb3 Bg4 10. O-O Nd4 11. Qe1+ Be7 12. Nxd4 cxd4 13. Ne2 O-O 14. Ng3 Re8
15. h3 Bd7 16. Qf2 Bc5 17. Bd2 Qb6 18. Rae1 Bc6 19. Re5 Ne4 20. Qe1 Nxd2 21.
Qxd2 Rxe5 22. fxe5 Re8 23. Qg5 Qd8 24. Qf4 Qc7 25. Ne4 dxe4 26. Bxf7+ Kf8 27.
Qg5 Rxe5 28. Qh4 Qxf7 29. Rxf7+ Kxf7 30. dxe4 d3+ 31. Kf1 dxc2 32. Qf4+ Kg8 33.
Qd2 Bxe4 0-1

[Event "?"]
[Site "?"]
[Date "2018.08.15"]
[Round "2.8"]
[White "Stemmler, Fabian"]
[Black "Schultz, Bernfried"]
[Result "1-0"]
[WhiteElo "1963"]
[BlackElo "1705"]
[PlyCount "51"]
[EventDate "2018.??.??"]
[WhiteTeam "SF Brackel 1930"]
[BlackTeam "SF Brackel 1930"]

1. d4 f5 2. Bg5 g6 3. Nc3 Bg7 4. h4 Nf6 5. Qd2 d6 6. O-O-O Nbd7 7. f3 h6 8. Bf4
Nh5 9. Bh2 c5 10. e3 cxd4 11. exd4 Ndf6 12. Bd3 Kf7 13. Nge2 a6 14. Rdf1 Qa5
15. Rhg1 Nd5 16. Bc4 e6 17. Nxd5 Qxd2+ 18. Kxd2 exd5 19. Bxd5+ Ke7 20. Re1 Kd7
21. Bf7 Kc7 22. Bxg6 Nf6 23. Nf4 Bf8 24. Ne6+ Bxe6 25. Rxe6 Ne8 26. Rxe8 1-0

[Event "?"]
[Site "?"]
[Date "2018.08.15"]
[Round "2.9"]
[White "Bork, Sophie"]
[Black "Schulz-Runge, Michael"]
[Result "1-0"]
[WhiteElo "1916"]
[BlackElo "1758"]
[PlyCount "63"]
[EventDate "2018.??.??"]
[WhiteTeam "SG Mengede 1922"]
[BlackTeam "FS 98 Dortmund"]

1. e4 c5 2. c3 d5 3. exd5 Qxd5 4. Nf3 Nf6 5. Na3 a6 6. Bc4 Qe4+ 7. Be2 b5 8.
O-O Bb7 9. Re1 Qg4 10. h3 Qf5 11. d4 e6 12. Nc2 Qd5 13. Bf4 Be7 14. Ne3 Qd8 15.
Qd2 Ne4 16. Qc2 g5 17. Be5 Rg8 18. Bd3 f5 19. dxc5 Bxc5 20. Rad1 Nd7 21. Bd4
Qc7 22. Bxc5 Ndxc5 23. Nd4 g4 24. hxg4 Rg6 25. gxf5 exf5 26. Nexf5 O-O-O 27.
Bxe4 Nxe4 28. Rxe4 Kb8 29. Ng3 Qf7 30. Re3 Rc8 31. Nf3 h5 32. Ne5 1-0

[Event "?"]
[Site "?"]
[Date "2018.08.15"]
[Round "2.10"]
[White "Sahakyan, Tigran"]
[Black "Lauche, Christoph"]
[Result "0-1"]
[WhiteElo "1035"]
[BlackElo "1874"]
[PlyCount "42"]
[EventDate "2018.??.??"]
[WhiteTeam "SF Brackel 1930"]
[BlackTeam "FS 98 Dortmund"]

1. e4 d6 2. d4 Nf6 3. Nc3 Nbd7 4. g3 e5 5. d5 g6 6. Nf3 Bg7 7. Bg2 O-O 8. O-O
Nc5 9. Re1 a5 10. Be3 Nfxe4 11. Nxe4 Nxe4 12. Nxe5 Nxf2 13. Bxf2 Bxe5 14. Bd4
f6 15. Qd2 Bd7 16. c4 b6 17. Rad1 Qe7 18. b3 Rae8 19. Qc3 Bxd4+ 20. Re3 Bxc3
21. Rxe7 Rxe7 0-1

[Event "?"]
[Site "?"]
[Date "2018.08.15"]
[Round "2.11"]
[White "Kantor, Nikita"]
[Black "Khess, Igor"]
[Result "1/2-1/2"]
[WhiteElo "1906"]
[BlackElo "1988"]
[PlyCount "25"]
[EventDate "2018.??.??"]
[WhiteTeam "SF Brackel 1930"]
[BlackTeam "FS 98 Dortmund"]

1. d4 d5 2. Bf4 Nf6 3. e3 e6 4. c3 Bd6 5. Bg3 Ne4 6. Bxd6 Nxd6 7. Bd3 Nd7 8.
Nf3 f6 9. Nbd2 b6 10. e4 dxe4 11. Nxe4 Bb7 12. Qe2 Qe7 13. Nxd6+ 1/2-1/2

[Event "?"]
[Site "?"]
[Date "2018.08.15"]
[Round "2.12"]
[White "Haneberg, Alexander"]
[Black "Vollenberg, Jörg"]
[Result "1-0"]
[WhiteElo "1507"]
[BlackElo "1400"]
[PlyCount "59"]
[EventDate "2018.??.??"]
[WhiteTeam "Dortmunder SV 1875"]
[BlackTeam "SV Rochade Eving"]

1. d4 Nf6 2. Nf3 d5 3. Bf4 Bf5 4. e3 a6 5. c4 dxc4 6. Bxc4 e6 7. Nc3 Bd6 8. Bg5
Be7 9. Qb3 Ra7 10. Ne5 Nbd7 11. Rd1 c6 12. f3 Qc7 13. e4 Nxe5 14. dxe5 Qxe5 15.
f4 Qc5 16. exf5 Ng4 17. Ne4 Qxf5 18. Bd3 Qa5+ 19. Ke2 Bxg5 20. fxg5 Qe5 21. Qb6
Ra8 22. Qc5 Qxb2+ 23. Rd2 Qe5 24. Qxe5 Nxe5 25. Nd6+ Ke7 26. Nxb7 Nd7 27. Na5
Rhc8 28. Be4 Ne5 29. Rc1 Kf8 30. Nc4 1-0

[Event "?"]
[Site "?"]
[Date "2018.08.15"]
[Round "2.13"]
[White "Schläger, Reiner"]
[Black "Bensch, Christian"]
[Result "1-0"]
[WhiteElo "1679"]
[BlackElo "1317"]
[PlyCount "115"]
[EventDate "2018.??.??"]
[WhiteTeam "FS 98 Dortmund"]
[BlackTeam "SC Wambel 77"]

1. e4 e5 2. Nf3 Nc6 3. d4 exd4 4. Bc4 Bb4+ 5. c3 dxc3 6. O-O d6 7. Qb3 Qe7 8.
Nxc3 Bxc3 9. bxc3 Nf6 10. e5 Nxe5 11. Nxe5 dxe5 12. Ba3 c5 13. Qb5+ Nd7 14.
Rfe1 O-O 15. Bd5 Rb8 16. c4 b6 17. Bb2 Bb7 18. Rad1 Kh8 19. Bc6 Bxc6 20. Qxc6
Rfd8 21. Qe4 f6 22. Rd3 Nf8 23. Rh3 g6 24. f4 Kg8 25. fxe5 f5 26. Qe3 Ne6 27.
Qh6 Rb7 28. Bc1 Qg7 29. Qh4 Rd4 30. Qf2 Rbd7 31. Bh6 Qf7 32. Rhe3 Rxc4 33. Qb2
Rcd4 34. Qb5 Qe7 35. Rg3 Rd1 36. Rxd1 Rxd1+ 37. Kf2 Qd7 38. Qb3 Qd4+ 39. Be3
Rd2+ 40. Ke1 Rd1+ 41. Qxd1 Qxd1+ 42. Kxd1 f4 43. Bxf4 Nxf4 44. Kd2 Ne6 45. Rf3
b5 46. Rf6 Nd8 47. Kd3 a5 48. a3 Kg7 49. a4 Nf7 50. Re6 c4+ 51. Kc3 bxa4 52.
Kxc4 a3 53. Kb3 a4+ 54. Kxa3 g5 55. Kxa4 h5 56. Kb5 g4 57. Kc5 h4 58. Kd5 1-0

[Event "?"]
[Site "?"]
[Date "2018.08.15"]
[Round "2.14"]
[White "Zabel, Reinhard"]
[Black "Sonntag, Hans-Joachim"]
[Result "0-1"]
[WhiteElo "1408"]
[BlackElo "1662"]
[PlyCount "32"]
[EventDate "2018.??.??"]
[WhiteTeam "SC Doppelbauer"]
[BlackTeam "FS 98 Dortmund"]

1. d4 Nf6 2. c4 e6 3. Nf3 d5 4. e3 c6 5. Nc3 Nbd7 6. Be2 Bd6 7. O-O O-O 8. Re1
Ne4 9. h3 f5 10. Nh2 Qh4 11. Rf1 Nxf2 12. Rxf2 Bxh2+ 13. Kf1 Nf6 14. cxd5 exd5
15. Rf3 Bg3 16. Bd2 Ng4 0-1

[Event "?"]
[Site "?"]
[Date "2018.08.15"]
[Round "2.16"]
[White "Jentzsch, Werner Wilfried"]
[Black "Stockhausen, Arnd"]
[Result "0-1"]
[WhiteElo "1367"]
[BlackElo "1577"]
[PlyCount "124"]
[EventDate "2018.??.??"]
[WhiteTeam "SF Brackel 1930"]
[BlackTeam "SG Mengede 1922"]

1. d4 d5 2. Nc3 Nf6 3. Bf4 c6 4. e3 Bg4 5. Be2 Bf5 6. g4 Be4 7. Bf3 Qa5 8. g5
Bxf3 9. Nxf3 Ne4 10. Nd2 Nxc3 11. bxc3 e6 12. Nb3 Qxc3+ 13. Qd2 Bb4 14. Rd1 Nd7
15. Qxc3 Bxc3+ 16. Ke2 b6 17. Bd6 c5 18. dxc5 bxc5 19. Bxc5 Nxc5 20. Nxc5 Rc8
21. Nd3 Ba5 22. Rc1 h6 23. f4 hxg5 24. fxg5 Rh4 25. Ne5 Bc3 26. Nf3 Ra4 27. h4
Rxa2 28. h5 e5 29. h6 Ke7 30. h7 Rh8 31. Kd3 Bb2 32. Rb1 e4+ 33. Ke2 exf3+ 34.
Kxf3 Ke6 35. g6 fxg6 36. Kg4 Be5 37. Rb7 Rxc2 38. Rxa7 Rc4+ 39. Kf3 Rcc8 40.
Ra6+ Kf5 41. Ra5 Rcd8 42. Ra7 g5 43. Re7 Bf6 44. e4+ dxe4+ 45. Rxe4 Rd3+ 46.
Re3 Rxe3+ 47. Kxe3 Kg6 48. Ke4 Rxh7 49. Rxh7 Kxh7 50. Kf5 Kh6 51. Kg4 Ba1 52.
Kg3 Kh5 53. Kh3 Be5 54. Kg2 Kh4 55. Kg1 Kg3 56. Kh1 Bc3 57. Kg1 g4 58. Kh1 Kf2
59. Kh2 g3+ 60. Kh1 g2+ 61. Kh2 g1=Q+ 62. Kh3 Qg3# 0-1

[Event "?"]
[Site "?"]
[Date "2018.08.15"]
[Round "2.17"]
[White "Stepke, Horst"]
[Black "Frölich, Andreas"]
[Result "0-1"]
[WhiteElo "1555"]
[BlackElo "1043"]
[PlyCount "63"]
[EventDate "2018.??.??"]
[WhiteTeam "Huckarde-Westerfilde"]
[BlackTeam "SV Rochade Eving"]

1. d4 d5 2. e4 Nc6 3. Bb5 Bd7 4. exd5 Nb8 5. Bc4 Nf6 6. Nc3 c6 7. Bg5 h6 8.
Bxf6 exf6 9. Nge2 Bb4 10. O-O cxd5 11. Nxd5 Bd6 12. Nec3 O-O 13. Qh5 Be6 14.
Rad1 Nc6 15. Bb3 Ne7 16. Nxe7+ Qxe7 17. Rfe1 Qd7 18. Bxe6 fxe6 19. Qe2 Rfe8 20.
Ne4 Rac8 21. c3 Qc7 22. g3 Bf8 23. Nd2 Qb6 24. Nf3 Rc7 25. c4 Qa6 26. b3 Bb4
27. Rf1 Rce7 28. Rd3 e5 29. Re3 exd4 30. Nxd4 Rxe3 31. fxe3 Qb6 32. Rf5 0-1

[Event "?"]
[Site "?"]
[Date "2018.08.15"]
[Round "2.18"]
[White "Pennekamp, Christoph"]
[Black "Schacht, Jürgen"]
[Result "1/2-1/2"]
[WhiteElo "1591"]
[BlackElo "1538"]
[PlyCount "71"]
[EventDate "2018.??.??"]
[WhiteTeam "SC Hansa Dortmund"]
[BlackTeam "SV Rochade Eving"]

1. d4 f5 2. Nf3 Nf6 3. Bf4 e6 4. e3 b6 5. Bd3 Bb7 6. Nbd2 Be7 7. h3 Nc6 8. c3
d5 9. O-O Qd7 10. c4 Ne4 11. cxd5 exd5 12. Be5 O-O 13. Qb3 Na5 14. Qc2 c5 15.
dxc5 bxc5 16. Rfd1 Nxd2 17. Qxd2 Bd8 18. Rac1 Rc8 19. Bf4 d4 20. Ne5 Qd5 21. f3
c4 22. b4 dxe3 23. Qxe3 cxd3 24. bxa5 Rxc1 25. Qxc1 Qd4+ 26. Qe3 Qxe3+ 27. Bxe3
Re8 28. f4 Bxa5 29. Rxd3 a6 30. Nc4 Rd8 31. Rxd8+ Bxd8 32. Nd6 Bd5 33. a3 g6
34. Kf2 Be7 35. Bc5 Bxd6 36. Bxd6 1/2-1/2

[Event "?"]
[Site "?"]
[Date "2018.08.15"]
[Round "2.19"]
[White "Ziemek, Gerhard"]
[Black "Böckmann, Lieselotte"]
[Result "1-0"]
[WhiteElo "1537"]
[BlackElo "1014"]
[PlyCount "67"]
[EventDate "2018.??.??"]
[WhiteTeam "Marten-Bövinghausen"]
[BlackTeam "FS 98 Dortmund"]

1. d4 Nf6 2. Nc3 d5 3. e4 dxe4 4. f3 e6 5. fxe4 Bb4 6. Bd3 Nc6 7. Nf3 O-O 8.
Be3 Be7 9. O-O Ng4 10. Qe2 Nxe3 11. Qxe3 Nb4 12. Rad1 a6 13. Bc4 Nxc2 14. Qe2
Nb4 15. a3 Nc6 16. d5 Na5 17. dxe6 Bxe6 18. Bxe6 Bc5+ 19. Kh1 Qf6 20. Ba2 Nc6
21. Nd5 Qh6 22. b4 Bd6 23. Ne3 Qh5 24. Rd5 Ne5 25. Qb2 Rae8 26. Nc4 Qg6 27.
Ncxe5 Bxe5 28. Nxe5 Qxe4 29. Nf3 c6 30. Re5 Qd3 31. Rfe1 Rd8 32. Re7 h6 33. Ne5
Qe4 34. Qf2 1-0

[Event "?"]
[Site "?"]
[Date "2018.08.15"]
[Round "2.20"]
[White "Haufe, Ulrich"]
[Black "Ropel, Dennis"]
[Result "0-1"]
[WhiteElo "1211"]
[BlackElo "1520"]
[PlyCount "102"]
[EventDate "2018.??.??"]
[WhiteTeam "Huckarde-Westerfilde"]
[BlackTeam "SG Mengede 1922"]

1. e4 d6 2. d4 Nf6 3. Nc3 g6 4. e5 dxe5 5. dxe5 Qxd1+ 6. Nxd1 Ng4 7. f4 Nc6 8.
h3 Nh6 9. Bd3 Bf5 10. Nf2 Nb4 11. Bxf5 Nxf5 12. Kd1 O-O-O+ 13. Bd2 Ng3 14. Rh2
Nf1 15. Ke2 Nxd2 16. c3 Nc6 17. b3 f5 18. exf6 exf6 19. Rd1 Bc5 20. Rxd2 Rxd2+
21. Kxd2 Bxf2 22. Nf3 Bg3 23. Rh1 Bxf4+ 24. Kd3 Ne5+ 25. Nxe5 Bxe5 26. Kc2 Rd8
27. Re1 g5 28. g4 c6 29. a4 Rd6 30. Re3 Kd7 31. Re2 Ke6 32. Re3 Kf7 33. Re4 Kg6
34. Rb4 Rd7 35. Re4 h5 36. a5 a6 37. Re2 hxg4 38. hxg4 Rh7 39. Re3 Rd7 40. Re4
Kf7 41. Re1 Ke6 42. Rf1 Rd5 43. b4 Bf4 44. Re1+ Kf7 45. Rh1 Kg6 46. Rh8 Rd7 47.
Rg8+ Rg7 48. Rd8 f5 49. gxf5+ Kxf5 50. Kd3 Re7 51. Rf8+ Kg4 0-1

[Event "?"]
[Site "?"]
[Date "2018.08.15"]
[Round "2.21"]
[White "Alo, Ala Eddin"]
[Black "Sohraby, Darjusch"]
[Result "1-0"]
[WhiteElo "999"]
[BlackElo "1534"]
[PlyCount "99"]
[EventDate "2018.??.??"]
[WhiteTeam "FS 98 Dortmund"]
[BlackTeam "SF Brackel 1930"]

1. e4 e6 2. d4 d5 3. e5 c5 4. Bb5+ Nc6 5. Qg4 Qa5+ 6. Nc3 cxd4 7. Qxd4 Bd7 8.
Bxc6 bxc6 9. Nge2 Ne7 10. O-O Nf5 11. Qg4 Be7 12. Ng3 Nxg3 13. Qxg7 O-O-O 14.
Qxg3 h5 15. h4 Rdg8 16. Qf4 Rg7 17. f3 Rhg8 18. Rf2 Bc5 19. Be3 Bxe3 20. Qxe3
c5 21. Qd2 Qb4 22. Rd1 Bc6 23. Ne2 Qxh4 24. Qa5 Qe7 25. Nf4 h4 26. Rdd2 Kb7 27.
Nd3 h3 28. Nxc5+ Ka8 29. Na6 hxg2 30. Nc7+ Kb7 31. Na6 Rh7 32. Rxg2 Rgh8 33.
Nc5+ Ka8 34. Rd4 Rh1+ 35. Kf2 R1h2 36. Rdg4 Rxg2+ 37. Kxg2 d4 38. Na6 Qb7 39.
Kg3 Bxf3 40. Rxd4 Rg8+ 41. Kf2 Rg2+ 42. Ke1 Rg1+ 43. Kd2 Rd1+ 44. Kc3 Qc6+ 45.
Rc4 Qb7 46. Qc7 Qxc7 47. Rxc7 Bh5 48. Nb4 Re1 49. Nc6 Re3+ 50. Kd4 1-0

[Event "?"]
[Site "?"]
[Date "2018.08.16"]
[Round "3.1"]
[White "Luft, Dennis"]
[Black "Stemmler, Fabian"]
[Result "0-1"]
[WhiteElo "2322"]
[BlackElo "1963"]
[PlyCount "84"]
[EventDate "2018.??.??"]
[WhiteTeam "SF Brackel 1930"]
[BlackTeam "SF Brackel 1930"]

1. e4 e5 2. Nf3 Nc6 3. Bb5 Nf6 4. d3 Bc5 5. Nbd2 d6 6. O-O O-O 7. c3 a6 8. Bxc6
bxc6 9. d4 exd4 10. cxd4 Bb6 11. a4 Bg4 12. a5 Bxd4 13. Qa4 Ba7 14. Qxc6 Bd7
15. Qc2 Bb5 16. Re1 Ng4 17. h3 Bxf2+ 18. Kh1 Bxe1 19. hxg4 Bg3 20. Nc4 Qd7 21.
Ne3 Rfe8 22. Nf5 Be5 23. Qf2 Bf6 24. Bg5 Bxg5 25. Nxg5 f6 26. Nh3 Rxe4 27. Nf4
g6 28. Nd5 Rf8 29. Ng3 Re6 30. Re1 Rxe1+ 31. Qxe1 Qxg4 32. Nxc7 Qh4+ 33. Kg1
Qd4+ 34. Kh2 Qh4+ 35. Kg1 Qd4+ 36. Kh2 Qe5 37. Qd1 h5 38. Qc2 Kg7 39. Nxb5 Qxb5
40. Ne4 Qxa5 41. Qc6 Qe5+ 42. Kh1 Re8 0-1

[Event "?"]
[Site "?"]
[Date "2018.08.16"]
[Round "3.2"]
[White "Garbuz, Vitaliy"]
[Black "Bork, Sophie"]
[Result "1/2-1/2"]
[WhiteElo "2182"]
[BlackElo "1916"]
[PlyCount "89"]
[EventDate "2018.??.??"]
[WhiteTeam "SF Brackel 1930"]
[BlackTeam "SG Mengede 1922"]

1. Nf3 d5 2. c4 e6 3. b3 Nf6 4. e3 c5 5. g3 Nc6 6. Bg2 Be7 7. O-O O-O 8. Qe2 a6
9. Bb2 Qc7 10. Nc3 Rd8 11. cxd5 exd5 12. d4 cxd4 13. Nxd4 Nxd4 14. exd4 Be6 15.
Rac1 Qd6 16. Na4 Bd7 17. Rfe1 Re8 18. Nc5 Bc6 19. a4 Qc7 20. Qd2 Qb6 21. a5 Qd8
22. f3 Bf8 23. Nd3 Rxe1+ 24. Rxe1 Rc8 25. Bh3 Bd7 26. Bg2 Bb5 27. Ne5 Qd6 28.
Bh3 Rc7 29. Rc1 Rxc1+ 30. Qxc1 Qb4 31. Qc3 Ne8 32. Nd7 Qxc3 33. Bxc3 Be7 34.
Nb6 Bc6 35. Kf2 g6 36. Bd7 Nc7 37. Bxc6 bxc6 38. Nc8 Bf8 39. Ke3 Nb5 40. Kd3 f6
41. Nb6 Kf7 42. Na4 Bd6 43. Be1 Ke7 44. Bd2 Kf7 45. Be1 1/2-1/2

[Event "?"]
[Site "?"]
[Date "2018.08.16"]
[Round "3.3"]
[White "Kartsev, Nikolay"]
[Black "Korten, Lando"]
[Result "1-0"]
[WhiteElo "2048"]
[BlackElo "2091"]
[PlyCount "75"]
[EventDate "2018.??.??"]
[WhiteTeam "SF Brackel 1930"]
[BlackTeam "SF Brackel 1930"]

1. d4 Nf6 2. c4 g6 3. Nc3 d6 4. e4 Bg7 5. Nf3 O-O 6. Be2 e5 7. dxe5 dxe5 8.
Qxd8 Rxd8 9. Bg5 Re8 10. O-O-O h6 11. Be3 Ng4 12. Nd5 Na6 13. c5 Nxe3 14. fxe3
Nxc5 15. Nxc7 Be6 16. Kb1 Nxe4 17. Nxe8 Rxe8 18. Bb5 Rb8 19. Rc1 Bf5 20. Ka1 a6
21. Ba4 Nf2 22. Rhf1 Nd3 23. Rc7 e4 24. Nd4 Bxd4 25. exd4 e3 26. Bd1 Re8 27. g4
e2 28. Bxe2 Rxe2 29. gxf5 gxf5 30. d5 Rd2 31. Rg1+ Kh8 32. Rxf7 Nb4 33. Rc1 Rg2
34. Rc8+ Rg8 35. Rxg8+ Kxg8 36. Rxf5 Kg7 37. d6 Nc6 38. d7 1-0

[Event "?"]
[Site "?"]
[Date "2018.08.16"]
[Round "3.4"]
[White "Lauche, Christoph"]
[Black "Wichtrup, Jan-Louis"]
[Result "0-1"]
[WhiteElo "1874"]
[BlackElo "2170"]
[PlyCount "118"]
[EventDate "2018.??.??"]
[WhiteTeam "FS 98 Dortmund"]
[BlackTeam "Dortmunder SV 1875"]

1. e4 e5 2. d4 exd4 3. c3 d5 4. exd5 Qxd5 5. cxd4 Nc6 6. Nf3 Bg4 7. Nc3 Bb4 8.
Be2 Bxf3 9. Bxf3 Qc4 10. Bxc6+ bxc6 11. Qe2+ Qxe2+ 12. Kxe2 O-O-O 13. Be3 Ne7
14. Rhd1 Rhe8 15. Kf3 Nf5 16. Rac1 Nh4+ 17. Kg3 Nf5+ 18. Kf3 Rd6 19. g3 Nxe3
20. fxe3 Rf6+ 21. Ke2 Rfe6 22. Rd3 Rh6 23. Rh1 Bd6 24. Kf3 Rf6+ 25. Kg2 c5 26.
dxc5 Bxc5 27. Re1 Rfe6 28. Kf3 f5 29. a3 g6 30. Re2 Bf8 31. e4 fxe4+ 32. Rxe4
Bg7 33. Rxe6 Rxe6 34. b4 Rf6+ 35. Ke2 Rc6 36. Ne4 Rc2+ 37. Kf3 Rxh2 38. Nc5 Bf8
39. Ne4 Be7 40. Nf2 Rh5 41. Ke4 a5 42. Rb3 axb4 43. axb4 Rb5 44. Nd3 Bd6 45. g4
Kd7 46. Rb1 c5 47. Rh1 cxb4 48. Rxh7+ Ke6 49. Rg7 Kf6 50. Rd7 Bg3 51. Ra7 b3
52. Ra1 b2 53. Rb1 Be5 54. Kf3 Bc3 55. Ke2 Ra5 56. Kd1 Ra1 57. Kc2 Rxb1 58.
Kxb1 Kg5 59. Nf2 Bd4 0-1

[Event "?"]
[Site "?"]
[Date "2018.08.16"]
[Round "3.5"]
[White "Zelt, Jens"]
[Black "Kartsev, Soel"]
[Result "1-0"]
[WhiteElo "2102"]
[BlackElo "2198"]
[PlyCount "91"]
[EventDate "2018.??.??"]
[WhiteTeam "SC Hansa Dortmund"]
[BlackTeam "SF Brackel 1930"]

1. d4 Nf6 2. Nf3 e6 3. c3 d5 4. Bf4 Bd6 5. Bg3 Bxg3 6. hxg3 O-O 7. Nbd2 Qd6 8.
Qc2 Nbd7 9. e3 e5 10. dxe5 Nxe5 11. Nxe5 Qxe5 12. Bd3 h6 13. Nf3 Qe7 14. O-O c5
15. c4 Be6 16. Rac1 Rac8 17. Rfd1 Rfd8 18. a3 a6 19. cxd5 Bxd5 20. Bf5 Be4 21.
Rxd8+ Rxd8 22. Bxe4 Nxe4 23. Rd1 Rxd1+ 24. Qxd1 b5 25. Qd5 Qe6 26. Qa8+ Kh7 27.
g4 g6 28. g5 hxg5 29. Qxe4 Qf6 30. Qe5 Kg7 31. Qxc5 Qxb2 32. Nd4 Qb1+ 33. Kh2
Qa2 34. Kg3 Kh7 35. Nf3 g4 36. Ne5 Qb3 37. Nxg4 a5 38. Qg5 Qb2 39. Qf6 Qb3 40.
Ne5 b4 41. axb4 axb4 42. Qxf7+ Qxf7 43. Nxf7 b3 44. Ng5+ Kg7 45. Ne4 b2 46. Nd2
1-0

[Event "?"]
[Site "?"]
[Date "2018.08.16"]
[Round "3.6"]
[White "Begna, Bozidar"]
[Black "Alghawi, Abdullah"]
[Result "0-1"]
[WhiteElo "2042"]
[BlackElo "1916"]
[PlyCount "74"]
[EventDate "2018.??.??"]
[WhiteTeam "SC Hansa Dortmund"]
[BlackTeam "FS 98 Dortmund"]

1. e4 c5 2. Nf3 d6 3. Bb5+ Bd7 4. Bxd7+ Nxd7 5. O-O Ngf6 6. Qe2 e6 7. Rd1 Be7
8. d4 cxd4 9. Nxd4 a6 10. Nc3 O-O 11. Be3 Qc7 12. f3 b5 13. Qf2 Rfc8 14. Nce2
d5 15. exd5 Nxd5 16. c3 Nxe3 17. Qxe3 Bc5 18. f4 e5 19. fxe5 Nxe5 20. Qg3 Nc4
21. Qxc7 Rxc7 22. b3 Ne3 23. Rd3 Re7 24. Kf2 Nd5 25. Kf3 Rae8 26. Rad1 Re3+ 27.
Rxe3 Rxe3+ 28. Kg4 Rxe2 29. Rd3 Rxg2+ 30. Kf3 g6 31. Nc6 Rf2+ 32. Kg3 Nf6 33.
Kh3 Rxa2 34. Ne5 Kg7 35. b4 Bf2 36. Rd6 Be1 37. Rc6 Ra3 0-1

[Event "?"]
[Site "?"]
[Date "2018.08.16"]
[Round "3.7"]
[White "Sprungala, Erik"]
[Black "Haneberg, Alexander"]
[Result "1-0"]
[WhiteElo "1776"]
[BlackElo "1507"]
[PlyCount "39"]
[EventDate "2018.??.??"]
[WhiteTeam "SV Rochade Eving"]
[BlackTeam "Dortmunder SV 1875"]

1. d4 Nf6 2. c4 e6 3. Nc3 b6 4. e4 Bb4 5. Qc2 d5 6. e5 Bxc3+ 7. bxc3 Ng8 8. Nf3
Bb7 9. h4 c5 10. dxc5 bxc5 11. Bd3 h6 12. O-O Nc6 13. Ba3 Rc8 14. cxd5 exd5 15.
e6 Qd6 16. Bg6 Nd8 17. exf7+ Nxf7 18. Ne5 Rc7 19. Rfe1 Kf8 20. Bxf7 1-0

[Event "?"]
[Site "?"]
[Date "2018.08.16"]
[Round "3.8"]
[White "Khess, Igor"]
[Black "Ziemek, Gerhard"]
[Result "1-0"]
[WhiteElo "1988"]
[BlackElo "1537"]
[PlyCount "85"]
[EventDate "2018.??.??"]
[WhiteTeam "FS 98 Dortmund"]
[BlackTeam "Marten-Bövinghausen"]

1. e4 e5 2. Nf3 Nc6 3. Bb5 Nd4 4. Bc4 a6 5. c3 Nxf3+ 6. Qxf3 Nf6 7. d4 d6 8.
O-O Be7 9. dxe5 dxe5 10. Qg3 O-O 11. Qxe5 Bd6 12. Qd4 Qe7 13. Bg5 Bxh2+ 14. Kh1
Be5 15. Qe3 h6 16. Bh4 b5 17. Bd3 Qd6 $11 18. f4 Ng4 19. fxe5 Qxe5 20. Qg3 Qh5
21. Nd2 g5 22. Nf3 Be6 23. Be2 gxh4 24. Qxh4 Qg6 25. Nd4 Bd7 26. Bxg4 Bxg4 27.
Rf6 Qg5 28. Rxh6 Qxh4+ 29. Rxh4 Bd7 30. b4 a5 31. Kh2 axb4 32. cxb4 Ra3 33. Rh5
c6 34. Rg5+ Kh7 35. Rh1 Kh6 36. Rg3 Rxg3 37. Kxg3+ Kg5 38. Rd1 Be8 39. Nf5 Rg8
40. Rd8 Kh5+ 41. Kf3 f6 42. Rxe8 Rxe8 43. Ng7+ 1-0

[Event "?"]
[Site "?"]
[Date "2018.08.16"]
[Round "3.9"]
[White "Sonntag, Hans-Joachim"]
[Black "Kantor, Nikita"]
[Result "1/2-1/2"]
[WhiteElo "1662"]
[BlackElo "1906"]
[PlyCount "42"]
[EventDate "2018.??.??"]
[WhiteTeam "FS 98 Dortmund"]
[BlackTeam "SF Brackel 1930"]

1. e4 g6 2. d4 Bg7 3. Nc3 c5 4. Nf3 cxd4 5. Nxd4 Nc6 6. Be3 Nf6 7. Be2 O-O 8.
O-O d5 9. exd5 Nxd5 10. Nxd5 Nxd4 11. Bxd4 Qxd5 12. Bxg7 Qxd1 13. Raxd1 Kxg7
14. Bc4 Bf5 15. Rd2 Rfc8 16. Bb3 a5 17. a4 Rc6 18. f3 Rac8 19. c3 Rb6 20. Ba2
Rcc6 21. Re1 Kf6 1/2-1/2

[Event "?"]
[Site "?"]
[Date "2018.08.16"]
[Round "3.10"]
[White "Surmann, Christoph"]
[Black "Grube, Jörg"]
[Result "0-1"]
[WhiteElo "1659"]
[BlackElo "1815"]
[PlyCount "90"]
[EventDate "2018.??.??"]
[WhiteTeam "Dortmunder SV 1875"]
[BlackTeam "FS 98 Dortmund"]

1. d4 d5 2. c4 e6 3. Nc3 c6 4. Nf3 Nf6 5. Bg5 dxc4 6. e4 b5 7. e5 h6 8. exf6
hxg5 9. fxg7 Bxg7 10. Be2 g4 11. Ne5 Bxe5 12. dxe5 Qxd1+ 13. Rxd1 Nd7 14. Ne4
Nxe5 15. Nf6+ Ke7 16. Nxg4 Ng6 17. O-O f5 18. Ne3 f4 19. Ng4 e5 20. Rfe1 Bxg4
21. Bxg4 Rad8 22. Bf3 Rd6 23. Rxd6 Kxd6 24. Rd1+ Kc7 25. Be4 Nf8 26. g3 Ne6 27.
h4 Nd4 28. Kg2 c5 29. Kh3 Kd6 30. g4 b4 31. Rc1 Ne6 32. Rd1+ Kc7 33. Bf5 Ng5+
34. Kg2 Rxh4 35. Rd7+ Kb6 36. f3 Rh3 37. Rg7 Rg3+ 38. Kf2 Nxf3 39. Be4 Nd4 40.
g5 c3 41. Rb7+ Ka6 42. bxc3 bxc3 43. Rc7 Kb5 44. Rb7+ Kc4 45. Rxa7 c2 0-1

[Event "?"]
[Site "?"]
[Date "2018.08.16"]
[Round "3.11"]
[White "Stockhausen, Arnd"]
[Black "Boxberg, Marc"]
[Result "0-1"]
[WhiteElo "1577"]
[BlackElo "1642"]
[PlyCount "78"]
[EventDate "2018.??.??"]
[WhiteTeam "SG Mengede 1922"]
[BlackTeam "Marten-Bövinghausen"]

1. f4 c5 2. Nf3 Nc6 3. e3 Nf6 4. Be2 g6 5. d3 Bg7 6. O-O O-O 7. c3 d6 8. Nbd2
Bd7 9. e4 b5 10. Ne1 Qc7 11. Nc2 b4 12. c4 a5 13. Nf3 e6 14. Ne3 Ne8 15. Rb1 f5
16. exf5 exf5 17. Nd5 Qb7 18. Qe1 Nf6 19. Nxf6+ Bxf6 20. Qg3 Rae8 21. Bd1 Nd4
22. Nxd4 Bxd4+ 23. Kh1 Bc6 24. h4 Re6 25. Bd2 Rfe8 26. Bf3 Bxf3 27. Rxf3 Re2
28. Rd1 Bxb2 29. h5 Qg7 30. Qh3 Kf7 31. Rg3 Bd4 32. Rf3 Qf6 33. Rg3 Bf2 34. Rf3
Qh4 35. hxg6+ hxg6 36. Qxh4 Bxh4 37. Rh3 Bf6 38. Rh7+ Bg7 39. d4 Kg8 0-1